| 000 | 01205nam a22003017a 4500 | ||
|---|---|---|---|
| 005 | 20260225143058.0 | ||
| 008 | 260225b |||||||| |||| 00| 0 eng d | ||
| 020 | _a9788198333360 | ||
| 037 | _cTB | ||
| 040 |
_aLCT _cLCT |
||
| 041 |
_2eng _aeng _heng |
||
| 084 | _aD65,8(B):Z2 P4;R5 | ||
| 100 |
_aSharma, Vakul _9784667 |
||
| 245 |
_a Information Technology : _blaw and practice, cyber laws and laws relating to e-commerce, privacy, social media, online child sexual abuse, freedom of speech and expression/ |
||
| 250 | _a9th ed. | ||
| 260 |
_aGurgaon, India: _bLexis Nexis, _c2025 |
||
| 300 | _alxii, 860p. | ||
| 365 |
_b1095 _cINR |
||
| 650 |
_a Computer networks Law and legislation India _9784668 |
||
| 650 |
_aElectronic commerce Law and legislation India _9784669 |
||
| 650 |
_aInformation technology Law and legislation India _9784670 |
||
| 650 |
_acyber laws _9784671 |
||
| 650 |
_alaws relating to e-commerce, privacy, social media, _9784672 |
||
| 650 |
_aonline child sexual abuse _9784673 |
||
| 650 |
_aFreedom of speech and expression _9784674 |
||
| 700 |
_aSharma, Seema _9810730 |
||
| 942 |
_2CC _cTB _hD65,8(B):Z2 P4;R5 _n0 |
||
| 999 |
_c1680241 _d1680241 |
||